<?xml version="1.0" encoding="UTF-8"?>
<record
    xmlns:xsi="http://www.w3.org/2001/XMLSchema-instance"
    xsi:schemaLocation="http://www.loc.gov/MARC21/slim http://www.loc.gov/standards/marcxml/schema/MARC21slim.xsd"
    xmlns="http://www.loc.gov/MARC21/slim">

  <leader>00307nam a22001217a 4500</leader>
  <datafield tag="040" ind1=" " ind2=" ">
    <subfield code="c">HS</subfield>
  </datafield>
  <datafield tag="082" ind1=" " ind2=" ">
    <subfield code="a">570</subfield>
  </datafield>
  <datafield tag="100" ind1=" " ind2=" ">
    <subfield code="a">DUK CHHENG</subfield>
  </datafield>
  <datafield tag="245" ind1=" " ind2=" ">
    <subfield code="a">&#x1791;&#x17C6;&#x179A;&#x1793;&#x17B7;&#x1784;&#x1780;&#x17B6;&#x179A;&#x1794;&#x1789;&#x17D2;&#x1785;&#x17BC;&#x1793;&#x1796;&#x178F;&#x17CC;&#x1798;&#x17B6;&#x1793;&#x179F;&#x17C1;&#x1793;&#x17C1;&#x1791;&#x17B7;&#x1785;</subfield>
  </datafield>
  <datafield tag="260" ind1=" " ind2=" ">
    <subfield code="a">RUA</subfield>
    <subfield code="b">&#x178C;&#x17BB;&#x1780; &#x1786;&#x17C1;&#x1784;</subfield>
    <subfield code="c">1994</subfield>
  </datafield>
  <datafield tag="300" ind1=" " ind2=" ">
    <subfield code="a">24p;</subfield>
  </datafield>
  <datafield tag="942" ind1=" " ind2=" ">
    <subfield code="c">KB</subfield>
  </datafield>
  <datafield tag="999" ind1=" " ind2=" ">
    <subfield code="c">8849</subfield>
    <subfield code="d">8849</subfield>
  </datafield>
  <datafield tag="952" ind1=" " ind2=" ">
    <subfield code="0">0</subfield>
    <subfield code="1">0</subfield>
    <subfield code="4">0</subfield>
    <subfield code="6">570_000000000000000_&#x178C;&#x17BB;&#x1780;_1994_C164</subfield>
    <subfield code="7">0</subfield>
    <subfield code="9">49816</subfield>
    <subfield code="a">LBC</subfield>
    <subfield code="b">LBC</subfield>
    <subfield code="c">C164</subfield>
    <subfield code="d">2016-08-18</subfield>
    <subfield code="o">570 &#x178C;&#x17BB;&#x1780; 1994 C164</subfield>
    <subfield code="p">RUA41936</subfield>
    <subfield code="r">2016-10-13</subfield>
    <subfield code="y">KB</subfield>
  </datafield>
  <datafield tag="952" ind1=" " ind2=" ">
    <subfield code="0">0</subfield>
    <subfield code="1">0</subfield>
    <subfield code="4">0</subfield>
    <subfield code="6">570_000000000000000_&#x178C;&#x17BB;&#x1780;_1994_C164</subfield>
    <subfield code="7">0</subfield>
    <subfield code="9">49820</subfield>
    <subfield code="a">LBC</subfield>
    <subfield code="b">LBC</subfield>
    <subfield code="c">C164</subfield>
    <subfield code="d">2016-08-18</subfield>
    <subfield code="o">570 &#x178C;&#x17BB;&#x1780; 1994 C164</subfield>
    <subfield code="p">RUA042814</subfield>
    <subfield code="r">2016-10-13</subfield>
    <subfield code="y">KB</subfield>
  </datafield>
  <datafield tag="952" ind1=" " ind2=" ">
    <subfield code="0">0</subfield>
    <subfield code="1">0</subfield>
    <subfield code="4">0</subfield>
    <subfield code="6">570_000000000000000_&#x178C;&#x17BB;&#x1780;_1994</subfield>
    <subfield code="7">0</subfield>
    <subfield code="9">49824</subfield>
    <subfield code="a">LBC</subfield>
    <subfield code="b">LBC</subfield>
    <subfield code="d">2016-08-18</subfield>
    <subfield code="l">1</subfield>
    <subfield code="o">570 &#x178C;&#x17BB;&#x1780; 1994</subfield>
    <subfield code="p">RUA061593</subfield>
    <subfield code="r">2022-11-01</subfield>
    <subfield code="s">2022-10-25</subfield>
    <subfield code="y">KB</subfield>
  </datafield>
  <datafield tag="952" ind1=" " ind2=" ">
    <subfield code="0">0</subfield>
    <subfield code="1">0</subfield>
    <subfield code="4">0</subfield>
    <subfield code="6">570_000000000000000_&#x178C;&#x17BB;&#x1780;_1994_C162</subfield>
    <subfield code="7">0</subfield>
    <subfield code="9">49826</subfield>
    <subfield code="a">LBC</subfield>
    <subfield code="b">LBC</subfield>
    <subfield code="c">C162</subfield>
    <subfield code="d">2016-08-18</subfield>
    <subfield code="o">570 &#x178C;&#x17BB;&#x1780; 1994 C162</subfield>
    <subfield code="p">RUA43860</subfield>
    <subfield code="r">2016-10-12</subfield>
    <subfield code="y">KB</subfield>
  </datafield>
  <datafield tag="952" ind1=" " ind2=" ">
    <subfield code="0">0</subfield>
    <subfield code="1">0</subfield>
    <subfield code="4">0</subfield>
    <subfield code="6">570_000000000000000_&#x178C;&#x17BB;&#x1780;_1994_C162</subfield>
    <subfield code="7">0</subfield>
    <subfield code="9">49856</subfield>
    <subfield code="a">LBC</subfield>
    <subfield code="b">LBC</subfield>
    <subfield code="c">C162</subfield>
    <subfield code="d">2016-08-18</subfield>
    <subfield code="o">570 &#x178C;&#x17BB;&#x1780; 1994 C162</subfield>
    <subfield code="p">RUA046079</subfield>
    <subfield code="r">2016-10-12</subfield>
    <subfield code="y">KB</subfield>
  </datafield>
  <datafield tag="952" ind1=" " ind2=" ">
    <subfield code="0">0</subfield>
    <subfield code="1">0</subfield>
    <subfield code="4">0</subfield>
    <subfield code="6">570_000000000000000_&#x178C;&#x17BB;&#x1780;_1994</subfield>
    <subfield code="7">0</subfield>
    <subfield code="9">49861</subfield>
    <subfield code="a">LBC</subfield>
    <subfield code="b">LBC</subfield>
    <subfield code="d">2016-08-18</subfield>
    <subfield code="o">570 &#x178C;&#x17BB;&#x1780; 1994</subfield>
    <subfield code="p">RUA047796</subfield>
    <subfield code="r">2016-08-18</subfield>
    <subfield code="w">2016-08-18</subfield>
    <subfield code="y">KB</subfield>
  </datafield>
  <datafield tag="952" ind1=" " ind2=" ">
    <subfield code="0">0</subfield>
    <subfield code="1">0</subfield>
    <subfield code="4">0</subfield>
    <subfield code="6">570_000000000000000_&#x178C;&#x17BB;&#x1780;_1994_C165</subfield>
    <subfield code="7">0</subfield>
    <subfield code="9">51394</subfield>
    <subfield code="a">LBC</subfield>
    <subfield code="b">LBC</subfield>
    <subfield code="c">C165</subfield>
    <subfield code="d">2016-09-01</subfield>
    <subfield code="o">570 &#x178C;&#x17BB;&#x1780; 1994 C165</subfield>
    <subfield code="p">RUA045966</subfield>
    <subfield code="r">2016-10-13</subfield>
    <subfield code="y">KB</subfield>
  </datafield>
  <datafield tag="952" ind1=" " ind2=" ">
    <subfield code="0">0</subfield>
    <subfield code="1">0</subfield>
    <subfield code="4">0</subfield>
    <subfield code="6">570_000000000000000_&#x178C;&#x17BB;&#x1780;_1994_C175</subfield>
    <subfield code="7">0</subfield>
    <subfield code="9">51477</subfield>
    <subfield code="a">LBC</subfield>
    <subfield code="b">LBC</subfield>
    <subfield code="c">C175</subfield>
    <subfield code="d">2016-09-02</subfield>
    <subfield code="l">1</subfield>
    <subfield code="o">570 &#x178C;&#x17BB;&#x1780; 1994 C175</subfield>
    <subfield code="p">RUA042272</subfield>
    <subfield code="r">2017-10-13</subfield>
    <subfield code="s">2017-10-10</subfield>
    <subfield code="y">KB</subfield>
  </datafield>
</record>
